000 00616nam a2200241Ia 4500
001 21699
005 20240114000609.0
007 ta
008 060308s a g b000 u 465 u
040 _aCotton College,Assam
041 _a465
082 _a821.91
_bG 366 G
100 _aChapman, George .
245 0 _aGeorge Chapman /
_cGeorge Chapman.
_hTextual Documents
250 _a1st ed. /
260 _aLondon :
_bT. Fisher Unwin ,
_cnd.
300 _a478p. :
_bill ;
_c21cm .
653 _aEnglish poetry
653 _aG-English
942 _2ddc
_cBK
999 _c21681
_d21681